Gua̕ laboral 2010

Bibliographic Details
Main Author: Sabogal Bernal, Edinson
Format: eBook
Language:Spanish
Published: Bogot:̀ ECOE, 2010
Subjects:
Online Access:Acceso restringido

MARC

LEADER 00000nam a22000007a 4500
005 20220204232424.0
007 cr|||| ||||
008 220204s2010 co |||||s|||| 00||0 spa d
020 |a 978-958-648-641-5 
035 |a 35774 
040 |a vLex 
090 |c 12912  |d 12912 
100 1 |a Sabogal Bernal, Edinson 
245 1 0 |a Gua̕ laboral 2010  |h [Recurso electrn̤ico] /  |c Edinson Sabogal Bernal 
256 |a Servicio en ln̕ea 
260 |a Bogot:̀  |b ECOE,  |c 2010 
300 |a 1 recurso electrn̤ico 
500 |a El presente texto ofrece los contenidos ms̀ relevantes relacionados con el derecho laboral sustantivo y otros aspectos complementarios, presentando al usuario, ya sea trabajador o empresario, una informacin̤ integral a la que se puede acceder de una forma fc̀il y g̀il. El aspecto laboral se ha convertido en uno de los temas ms̀ consultados en Gerencie.com, razn̤ por la que se ha optado por ofrecer en este formato impreso los aspectos bs̀icos que regulan una relacin̤ laboral y cm̤o se debe tratar la nm̤ina de empleados desde el punto de vista laboral, contable y tributario. Al final encontrar ̀las preguntas ms̀ comunes con sus respectivas respuestas. Este libro es indispensable para empresarios, trabajadores, estudiantes, y profesiones que de una u otra forma tengan relacin̤ con la contratacin̤ de personal o con la elaboracin̤ y gestin̤ de la nm̤ina de una empresa. 
506 1 |a Disponible solo en los productos indicados  |d vLex Global  |d vLex Global (Academic Edition, excluding Law Schools)  |d vLex Global (U.S. Academic Edition, Law Schools)  |d vLex Global (U.S. Academic Edition, excluding Law Schools)  |d vLex Global (Academic Edition, Law Schools) 
650 0 4 |a Derecho Laboral y Seguridad Social  |z Colombia 
740 0 |a vLex Libros (Servicio en ln̕ea) 
856 4 0 |u https://app.vlex.com/#/sources/35774  |z Acceso restringido 
942 |c BOOK 
999 0 |a Labor law and social security